| 000 | 00692nam a22001937a 4500 | ||
|---|---|---|---|
| 999 |
_c14820 _d14820 |
||
| 003 | OSt | ||
| 005 | 20200109103912.0 | ||
| 008 | 200109b ||||| |||| 00| 0 eng d | ||
| 040 | _cUMDC | ||
| 082 |
_22019 _aUT 1375 _bN34 |
||
| 100 |
_aMeralyn P. Nengasca _941074 |
||
| 245 |
_aCredit risk management practices of selected financial institutions in Digos City: _cMeralyn P. Nengasca and Kareen Kate Andriatico |
||
| 260 |
_aDigos City: _bUMDC _cNovember 2019 |
||
| 300 |
_a79 pages; _c30 cm. |
||
| 650 |
_aBusiness Administration _vFinancial Management _xUndergraduate thesis: _941075 |
||
| 700 |
_aNengasca, Meralyn P. _941076 |
||
| 700 |
_aKareen Kate Andriatico, _941077 |
||
| 942 |
_2ddc _cUT |
||